Ecología de poblaciones

Shranjeno v:
Bibliografske podrobnosti
Glavni avtor: Soberon Mainero, Jorge (Author)
Format: Knjiga
Jezik:španščina
Izdano: Ciudad de México Fondo de Cultura Económica 1989
Serija:La ciencia desde México, 82
Teme:
Oznake: Označite
Brez oznak, prvi označite!

MARC

LEADER 00000nam a2200000 a 4500
001 UCX8371
003 CL-VaPUC
008 940325e19890000MX |||||||||||||||||spa|d
082 0 4 |a 577.88  |b SOB  |2 21 
100 0 |a Soberon Mainero, Jorge  |e author  |9 325482 
245 1 0 |a Ecología de poblaciones 
300 |a 148 p 
942 |c BK 
945 |d 19940325 00:00:00  |a mfernand 
260 |a Ciudad de México  |b Fondo de Cultura Económica  |c 1989 
650 0 |a Ecología   |9 258124 
651 0 |a México  |9 255269 
583 |a last modification  |c 19940325 00:00:00  |k Rodrigo Vera 
490 0 |a La ciencia desde México, 82 
999 |c 227897  |d 227895 
952 |0 0  |1 0  |4 0  |6 577_880000000000000_SOB_1989  |7 0  |8 A  |9 227187  |a BIBING  |b BIBING  |d 2019-11-15  |i 2963558  |o 577.88 SOB 1989  |p 2963558  |r 2025-01-20  |w 2019-11-15  |y BK  |k GEO